Wireless Communications & Networks/ (Record no. 36386)
[ view plain ]
| 000 -LEADER | |
|---|---|
| fixed length control field | 00505nam a22001817a 4500 |
| 005 - DATE AND TIME OF LATEST TRANSACTION | |
| control field | 20240812135149.0 |
| 008 - FIXED-LENGTH DATA ELEMENTS--GENERAL INFORMATION | |
| fixed length control field | 240812b |||||||| |||| 00| 0 eng d |
| 020 ## - INTERNATIONAL STANDARD BOOK NUMBER | |
| ISBN | 978-81-317-2093-6 |
| 082 ## - DEWEY DECIMAL CLASSIFICATION NUMBER | |
| Classification number | 621.382 |
| Item number | STA-W |
| 100 ## - MAIN ENTRY--AUTHOR | |
| Author Name | Stallings, William |
| 245 ## - TITLE STATEMENT | |
| Title | Wireless Communications & Networks/ |
| Statement of responsibility, etc. | by William Stallings |
| 250 ## - EDITION STATEMENT | |
| Edition statement | 2nd ed. |
| 260 ## - PUBLICATION, DISTRIBUTION, ETC. | |
| Place of Publication | India : |
| Name of publisher, distributor, etc. | Pearson ; |
| Date of publication, distribution, etc. | 2009 |
| 300 ## - PHYSICAL DESCRIPTION | |
| Pages | xi, 596 p. : |
| 500 ## - GENERAL NOTE | |
| General note | Include Index. |
| 650 ## - SUBJECT ADDED ENTRY--TOPICAL TERM | |
| Subject / Department | Electrical/Engineering |
| 300 ## - PHYSICAL DESCRIPTION | |
| -- | 24 cm. |
| 952 ## - LOCATION AND ITEM INFORMATION (KOHA) | |
| -- | 0 |
| -- | 0 |
| 952 ## - LOCATION AND ITEM INFORMATION (KOHA) | |
| -- | 0 |
| -- | 0 |
| 952 ## - LOCATION AND ITEM INFORMATION (KOHA) | |
| -- | 0 |
| -- | 0 |
| 952 ## - LOCATION AND ITEM INFORMATION (KOHA) | |
| -- | 0 |
| -- | 0 |
| 952 ## - LOCATION AND ITEM INFORMATION (KOHA) | |
| -- | 0 |
| -- | 0 |
| 952 ## - LOCATION AND ITEM INFORMATION (KOHA) | |
| -- | 0 |
| -- | 0 |
| 952 ## - LOCATION AND ITEM INFORMATION (KOHA) | |
| -- | 0 |
| -- | 0 |
| 952 ## - LOCATION AND ITEM INFORMATION (KOHA) | |
| -- | 0 |
| -- | 0 |
| 952 ## - LOCATION AND ITEM INFORMATION (KOHA) | |
| -- | 0 |
| -- | 0 |
| Lost status | Damaged status | Collection code | Permanent Location | Current Location | Shelving Location | Date acquired | Full Call Number | Accession No./Barcode | Date last seen | Copy number | item type | Koha item type |
|---|---|---|---|---|---|---|---|---|---|---|---|---|
| Engineering | Superior Information Resource Center (SIRC) Superior University- Central Library | Superior Information Resource Center (SIRC) Superior University- Central Library | Electrical | 08/12/2024 | 621.382 STA-W 2009 | 8480 | 08/12/2024 | 1 | BOOK | BOOK | ||
| Engineering | Superior Information Resource Center (SIRC) Superior University- Central Library | Superior Information Resource Center (SIRC) Superior University- Central Library | Electrical | 08/12/2024 | 621.382 STA-W 2009 | 8481 | 08/12/2024 | 2 | BOOK | BOOK | ||
| Engineering | Superior Information Resource Center (SIRC) Superior University- Central Library | Superior Information Resource Center (SIRC) Superior University- Central Library | Electrical | 08/12/2024 | 621.382 STA-W 2009 | 8482 | 08/12/2024 | 3 | BOOK | BOOK | ||
| Engineering | Superior Information Resource Center (SIRC) Superior University- Central Library | Superior Information Resource Center (SIRC) Superior University- Central Library | Electrical | 08/12/2024 | 621.382 STA-W 2009 | 8483 | 08/12/2024 | 4 | BOOK | BOOK | ||
| Engineering | Superior Information Resource Center (SIRC) Superior University- Central Library | Superior Information Resource Center (SIRC) Superior University- Central Library | Electrical | 08/12/2024 | 621.382 STA-W 2013 | 8739 | 08/12/2024 | 5 | BOOK | BOOK | ||
| Engineering | Superior Information Resource Center (SIRC) Superior University- Central Library | Superior Information Resource Center (SIRC) Superior University- Central Library | Electrical | 08/12/2024 | 621.382 STA-W 2013 | 10616 | 08/12/2024 | 6 | BOOK | BOOK | ||
| Engineering | Superior Information Resource Center (SIRC) Superior University- Central Library | Superior Information Resource Center (SIRC) Superior University- Central Library | Electrical | 08/12/2024 | 621.382 STA-W 2009 | 10887 | 08/12/2024 | 7 | BOOK | BOOK | ||
| Engineering | Superior Information Resource Center (SIRC) Superior University- Central Library | Superior Information Resource Center (SIRC) Superior University- Central Library | Electrical | 08/12/2024 | 621.382 STA-W 2013 | 11480 | 11/13/2025 | 8 | BOOK | BOOK | ||
| Engineering | Superior Information Resource Center (SIRC) Superior University- Central Library | Superior Information Resource Center (SIRC) Superior University- Central Library | Electrical | 08/12/2024 | 621.382 STA-W 2013 | 11524 | 08/12/2024 | 9 | BOOK | BOOK |
